000 00856nam0a22002291i 4500
001 rc\4292377
005 20240724142146.0
021 _aRU
_b[66-32313]
035 _a(NLR Aleph) 008253182
090 _a8349214
_c8349214
100 _a20130416d1966 |||y0rusy50 ca
101 0 _arus
102 _aRU
105 _ay d |||||
200 1 _aПланирование краткосрочного кредита в союзной республике
_e(На примере Молд. СССР)
_eАвтореферат дис. на соискание учен. степени канд. экон. наук
_fМоск. фин. ин-т
210 _aМосква
_d1966
215 _a19 с.
700 1 _aБудяну
_bА.Л.
_gАндриан Леонидович
801 0 _aRU
_bNLR
_gpsbo
801 1 _aRU
_bELAR
_2rusmarc
852 _aNLR
_j66-6/6195
942 _cBOOK